Normal view
MARC view
- Religión
Entry Materia
001 - NÚMERO DE CONTROL DEL REGISTRO
- campo de control: 8129
003 - IDENTIFICADOR DE NUMERO DE CONTROL
- campo de control: MX-MXUPN
005 - FECHA Y HORA DE LA ÚLTIMA TRANSACCIÓN
- campo de control: 20240924112819.0
008 - DATOS DE LONGITUD FIJA
- campo de control de longitud fija: 240506n||acnnnbabn | ana |d
035 ## - NÚMERO DE CONTROL DEL SISTEMA
- Número de control del sistema: UPN10000008135
040 ## - FUENTE DE LA CATALOGACIÓN
- Lengua de catalogación: spa
- Agencia de transcripción: MX-MXUPN
- Centro catalogador de origen: MX-MxUPN
046 ## - FECHAS CON CODIFICACIÓN ESPECIAL
- Fecha final para contenidos agregados: 0423
150 ## - ENCABEZAMIENTO - TEMÁTICO
- Término de materia o nombre geográfico como elemento inicial: Religión
360 ## - REFERENCIA COMPLEJA DE VÉASE ADEMÁS - MATERIA
- Texto explicativo: La subdivisión de
- Encabezamiento al que se remite: RELIGION
- Texto explicativo: ó
- Encabezamiento al que se remite: RELIGION Y MITOLOGIA
- Texto explicativo: bajo nombres de países, razas, pueblos, etc. Ej. :
- Encabezamiento al que se remite: FRANCIA - RELIGION ; INDIOS - RELIGION Y MITOLOGIA ; INDIOS DE AMERICA DEL NORTE - RELIGION Y MITOLOGIA
670 ## - FUENTE EN LA QUE SE LOCALIZARON DATOS
- Cita de la fuente: E
670 ## - FUENTE EN LA QUE SE LOCALIZARON DATOS
- Cita de la fuente: LEMB, 1998:
- Información localizada: página 910 (Relgión)
902 ## - CATALOGADOR
- Catalogador: CAA/140996
